Pokémon - Alle Attacken von Golbat - Statistiken

Allgemein
  • Dieses Quiz wurde 2 mal gespielt
  • Das Durchschnittsergebnis liegt bei 10 aus 108
Antwortstatistiken
Typ Kategorie Attacke % Korrekt
Pflanze Spezial Absorber
100%
Flug Physisch Flügelschlag
100%
Pflanze Spezial Megasauger
100%
Flug Physisch Aero-Ass
50%
Psycho Status Agilität
50%
Unlicht Physisch Biss
50%
Käfer Physisch Blutsauger
50%
Flug Physisch Fliegen
50%
Geist Status Fluch
50%
Normal Spezial Hyperstrahl
50%
Unlicht Physisch Knirscher
50%
Geist Status Konfusstrahl
50%
Normal Status Kreideschrei
50%
Stahl Physisch Stahlflügel
50%
Normal Status Superschall
50%
Gift Status Toxin
50%
Flug Physisch Akrobatik
0%
Normal Status Angeberei
0%
Normal Status Anziehung
0%
Flug Status Auflockern
0%
Normal Spezial Aufruhr
0%
Normal Status Ausdauer
0%
Normal Physisch Beerenkräfte
0%
Normal Physisch Bodycheck
0%
Pflanze Z Brillante Blütenpracht
0%
Normal Status Delegator
0%
Flug Physisch Doppelflügel
0%
Normal Status Doppelteam
0%
Eis Status Dunkelnebel
0%
Normal Dynamax Dyna-Angriff
0%
Feuer Dynamax Dyna-Brand
0%
Unlicht Dynamax Dyna-Dunkel
0%
Flug Dynamax Dyna-Düse
0%
Pflanze Dynamax Dyna-Flora
0%
Gift Dynamax Dyna-Giftschwall
0%
Psycho Dynamax Dyna-Kinese
0%
Feuer Z Dynamische Maxiflamme
0%
Käfer Dynamax Dyna-Schwarm
0%
Geist Dynamax Dyna-Spuk
0%
Stahl Dynamax Dyna-Stahlzacken
0%
Normal Dynamax Dyna-Wall
0%
Psycho Status Erholung
0%
Geist Physisch Erstauner
0%
Geist Z Ewige Nacht
0%
Normal Physisch Fassade
0%
Flug Z Finaler Steilflug
0%
Unlicht Physisch Finte
0%
Unlicht Status Folterknecht
0%
Normal Physisch Frustration
0%
Normal Physisch Geduld
0%
Unlicht Physisch Gegenstoß
0%
Normal Physisch Geheimpower
0%
Unlicht Physisch Gewissheit
0%
Gift Status Giftfalle
0%
Gift Spezial Giftschock
0%
Gift Physisch Giftzahn
0%
Pflanze Spezial Gigasauger
0%
Normal Physisch Gigastoß
0%
Flug Physisch Himmelsfeger
0%
Feuer Spezial Hitzewelle
0%
Normal Status Horrorblick
0%
Normal Z Hyper-Sprintangriff
0%
Psycho Status Hypnose
0%
Normal Spezial Kanon
0%
Käfer Physisch Kehrtwende
0%
Normal Spezial Klingensturm
0%
Normal Physisch Kopfnuss
0%
Normal Spezial Kraftreserve
0%
Käfer Physisch Kreuzschere
0%
Normal Status Liebreiz
0%
Flug Spezial Luftschnitt
0%
Gift Spezial Matschbombe
0%
Normal Status Mimikry
0%
Flug Physisch Pflücker
0%
Psycho Z Psycho-Schmetterschlag
0%
Unlicht Status Ränkeschmied
0%
Kampf Status Rapidschutz
0%
Normal Physisch Raserei
0%
Unlicht Physisch Raub
0%
Wasser Status Regentanz
0%
Normal Physisch Risikotackle
0%
Flug Status Rückenwind
0%
Normal Physisch Rückkehr
0%
Normal Physisch Ruckzuckhieb
0%
Flug Status Ruheort
0%
Kampf Status Scanner
0%
Normal Status Schlafrede
0%
Normal Spezial Schnarcher
0%
Normal Status Schutzschild
0%
Unlicht Z Schwarzes Loch des Grauens
0%
Feuer Status Sonnentag
0%
Geist Spezial Spukball
0%
Normal Spezial Sternschauer
0%
Flug Physisch Sturzflug
0%
Normal Physisch Superzahn
0%
Stahl Z Turbo-Spiralkombo
0%
Unlicht Status Übernahme
0%
Geist Spezial Unheilböen
0%
Unlicht Physisch Verfolgung
0%
Unlicht Status Verhöhner
0%
Gift Z Vernichtender Säureregen
0%
Normal Status Vertrauenssache
0%
Drache Spezial Windhose
0%
Flug Spezial Windschnitt
0%
Flug Spezial Windstoß
0%
Käfer Z Wirbelnder Insektenhieb
0%
Normal Status Wirbelwind
0%
Psycho Physisch Zen-Kopfstoß
0%
Keine übereinstimmenden Quizze gefunden
Verteilung der Resultate
Anzahl Personen mit jedem Resultat
Perzentil nach korrekt beantworteten Fragen
Ihre Resultats-Entwicklung
Sie haben dieses Quiz noch nicht gespielt